000 00294nam a22001337a 4500
008 170623b xxu||||| |||| 00| 0 eng d
020 _a0226158306
041 _aeng
080 _a32
100 _a21
101 _aSHP
245 _aTHE SEARCH FOR STABLE MONEY
_cDORN.J.A
942 _2udc
_cBK
999 _c18856
_d18856